000 00647nam a2200229Ia 4500
003 OSt
005 20220923230309.0
006 a|||||r|||| 00| 0
007 ta
008 220922b |||||||| |||| 00| 0 pan d
024 _a279,193
037 _cTextual
040 _aARTS
_cARTS
_bpan
041 _2pan
_apan
082 _aO153,1NCHIx, M5
100 _aਚਿਤ੍ਰਕਾਰ, ਅਜਾਇਬ
245 0 _aਪਹਿਲੀ ਕਿਰਨ
260 _c1985
650 _aਪੰਜਾਬੀ ਸਾਹਿਤ
942 _hO153,1NCHIx, M5
_cTEXL
_2CC
999 _c383740
_d383740